Statistics for Famous Directors

Click here to take the quiz!

General Stats

  • This quiz has been taken 77 times
  • The average score is 15 of 21

Answer Stats

FilmsDirector% Correct
Pulp Fiction, Django UnchainedQuentin Tarantino
97%
Titanic, AvatarJames Cameron
94%
Schindler's List, Saving Private RyanSteven Spielberg
94%
Goodfellas, Taxi DriverMartin Scorsese
93%
The Godfather, Apocalypse NowFrancis Ford Coppola
91%
The Shining, 2001: A Space OdysseyStanley Kubrick
86%
Inception, The Dark KnightChristopher Nolan
83%
Edward Scissorhands, BatmanTim Burton
80%
The Grand Budapest Hotel, Moonrise KingdomWes Anderson
76%
Annie Hall, Midnight in ParisWoody Allen
76%
There Will Be Blood, Punch Drunk LovePaul Thomas Anderson
73%
Blade Runner, AlienRidley Scott
70%
Chinatown, The PianistRoman Polanski
67%
F***t Club, Gone GirlDavid Fincher
66%
No Country for Old Men, The Big LebowskiJoel & Ethan Coen
61%
Brokeback Mountain, Life of PiAng Lee
56%
Parasite, Memories of MurderBong Joon-ho
47%
Princess Mononoke, My Neighbor TotoroHayao Miyazaki
43%
Children of Men, GravityAlfonso Cuaron
39%
Prisoners, ArrivalDenis Villeneuve
36%
Birdman, The RevenantAlejandro Gonzalez Inarritu
31%

Score Distribution

Percentile by Number Answered

Percent of People with Each Score

Your Score History

You have not taken this quiz